00710nam a2200241 a 4500001001300000003000900013005001700022008004100039020000900080082001600089100001700105245006200122260003700184300000900221500003500230505002400265650001800289700001700307902000800324942000700332952011400339999001500453nice12345678IN_TiNIC20260116011432.0050524s1963 dela grp 000 0 eng  ac3000a954.03bDOD aDodwell, H H aCambridge History of India Vol.5, British India 1497-1858 aDelhibS Chand and Companyc1963 a690p aincludes index and biblioraphy2 aBibliography, Index aBritish-India1 aDodwell, H H bSRS cBK 001040708StackRoom-aHMIbHMId2005-05-24g30.00l0o954.03 DODp02642r2005-05-24v30.00w2005-05-24yBK c1510d1510